| 000 | 01009nam1a2200265 i 4500 | ||
|---|---|---|---|
| 001 | RU\NLR\bibl\156093 | ||
| 005 | 20260406230933.0 | ||
| 035 | _a(NLR Aleph) 000153078 | ||
| 090 |
_a878956 _c878956 |
||
| 100 | _a20010517g19989999k y0rusy50 ca | ||
| 101 | 0 | _arus | |
| 102 | _aRU | ||
| 105 | _ay ||||||||| | ||
| 200 | 1 |
_aУченые записки _fМ-во общ. и проф. образования РФ, Астрахан. гос. пед. ун-т _g[Под общ. ред. А.Н. Бармина] |
|
| 210 |
_aАстрахань _cИзд-во Астрахан. пед. ун-та _d1998 |
||
| 215 | _d21 | ||
| 463 | 0 | _100183816 | |
| 686 | _aЯ431(2)32 | ||
| 702 | 1 |
_aБармин _bА. Н. _4340 |
|
| 710 | 0 | 2 |
_aАстраханский государственный педагогический университет _3RU\NLR\AUTH\889983268 _9462418 |
| 801 | 0 |
_aRU _bNLR _c20010517 _gPSBO |
|
| 801 | 1 |
_aRU _bNLR _c20010517 |
|
| 852 |
_aNLR _j99-4/8858 |
||
| 942 | _cBOOK | ||